Webová aplikácia na vyhľadávanie podujatí

Uložené v:
Podrobná bibliografia
Hlavný autor: Onysko, Oleh (Autor)
Ďalší autori: Novák, Vladislav (Vedúci práce)
Médium: Rukopis Kniha
Jazyk:Slovak
Vydavateľské údaje: Bratislava : STU v Bratislave FEI, 2024
Predmet:
On-line prístup:https://opac.crzp.sk/?fn=detailBiblioFormChildIKFR4&sid=A6A9937D4AB687F47ACA8FA9E4AF&seo=CRZP-detail-kniha
Tagy: Pridať tag
Žiadne tagy, Buďte prvý, kto otaguje tento záznam!

MARC

LEADER 00000ntm a22000003a 4500
001 stuzp99103
003 SK-STU
005 20250409141232.7
007 ta
008 150427s2015----xo-----f-mn---000-0-slo-d
040 |a STU  |b slo 
041 0 |a slo 
044 |a xo 
100 1 |a Onysko, Oleh  |u 035000  |4 aut  |U FEI Fakulta elektrotechniky a informatiky  |T FEI Ústav informatiky a matematiky  |X 112590  |U E050  |Y 816  |7 112590 
242 0 1 |a Web Application for Searching Events  |y eng 
245 1 0 |a Webová aplikácia na vyhľadávanie podujatí 
260 |a Bratislava :  |b STU v Bratislave FEI,  |c 2024 
300 |a 52 s., príl. 
650 4 |a pwa  |2 slo 
650 4 |a solidjs  |2 slo 
650 4 |a webová-aplikácia  |2 slo 
650 4 |a podujatia  |2 slo 
650 4 |a django  |2 slo 
650 4 |a events  |2 eng 
650 4 |a web-application  |2 eng 
650 4 |a pwa  |2 eng 
650 4 |a django  |2 eng 
650 4 |a solidjs  |2 eng 
700 1 |a Novák, Vladislav  |u 035000  |k Z1  |4 ths  |U FEI Fakulta elektrotechniky a informatiky  |T FEI Ústav informatiky a matematiky  |X 10137  |U E050  |Y 816  |7 A000010137 
856 4 |u https://opac.crzp.sk/?fn=detailBiblioFormChildIKFR4&sid=A6A9937D4AB687F47ACA8FA9E4AF&seo=CRZP-detail-kniha